000 00483pab a2200169 454500
008 180718b1998 xxu||||| |||| 00| 0 eng d
100 _aChemerinsky, Erwin
245 _aIs tenure necessary to protect academic freedom?
260 _c1998
300 _ap.638-51
362 _aFeb
650 _aEducation, Higher - United States
650 _aEducational personnel - United States
650 _aEducational personnel
773 _aAmerican Behavioral Scientist
909 _a37258
999 _c37258
_d37258